000
00308nam a22001337a 4500
008
180801b xxu||||| |||| 00| 0 eng d
082
_a
813.52
245
_a
The Sciences an Integrated Approach
_c
Trefil,J
260
_c
2001
300
_a
1
_f
CD
440
_x
0471403679
760
_b
3rd
942
_2
ddc
_c
MX
999
_c
46696
_d
46696